[Event "RUS-ch51"]
[Site "St Petersburg"]
[Date "1998.08.05"]
[Round "9"]
[White "Glek, Igor V"]
[Black "Bareev, Evgeny"]
[Result "0-1"]
[WhiteElo "2580"]
[BlackElo "2690"]

1.e4 c6 2.d4 d5 3.Nc3 dxe4 4.Nxe4 Bf5 5.Ng3 Bg6 6.h4 h6 7.Nf3 Nd7 8.h5 Bh7
9.Bd3 Bxd3 10.Qxd3 Ngf6 11.Bf4 e6 12.O-O-O Be7 13.Kb1 O-O 14.Ne5 Rc8 15.Qf3 Qa5
16.c4 Rfd8 17.Rd3 Qa6 18.Rhd1 b5 19.c5 b4 20.Ne2 Qb5 21.g4 Nd5 22.Bh2 Nxe5
23.Bxe5 Rd7 24.Rb3 Rcd8 25.Qd3 a6 26.Nc1 Qb7 27.Qc4 a5 28.a4 Bf6 29.Bd6 Nb6
30.Qc2 Nxa4 31.f4 Qb5 32.g5 hxg5 33.fxg5 Bxg5 34.Rg3 Rxd6 35.cxd6 Bh6 36.Qf2 Nc3+
37.bxc3 bxc3+ 38.Ka1 Qa4+  0-1

[Event "Frankfurt Ordix op"]
[Site "Frankfurt"]
[Date "1999.07.03"]
[Round "5"]
[White "Bareev, Evgeny"]
[Black "Tischbierek, Raj"]
[Result "1/2-1/2"]
[WhiteElo "2679"]
[BlackElo "2531"]

1.d4 e6 2.c4 b6 3.Nf3 Bb7 4.a3 f5 5.g3 Nf6 6.Nc3 Ne4 7.Qd3 Be7 8.Bg2 Nxc3
9.Qxc3 Bf6 10.O-O c5 11.Rd1 Nc6 12.e3 O-O 13.b4 Rc8 14.Rb1 cxd4 15.exd4 b5
16.c5 Ne7 17.Bf4 Be4 18.Rb2 Nd5 19.Qd2 Nxf4 20.Qxf4 a5 21.Qe3 Ra8 22.Ne1 Bxg2
23.Nxg2 Qc7 24.Qd3 Qc6 25.Rb3 axb4 26.axb4 Ra2 27.d5 Qxd5 28.Qxd5 exd5 29.Ne3 d4
30.Nd5 f4 31.Nxf4 g5 32.Nd3 Re8 33.Re1 Rxe1+ 34.Nxe1 Kf7 35.g4 Ke6 36.Rf3 Ra1
37.Kf1 Be5 38.Ke2 Bxh2 39.Rh3 Ra2+ 40.Kf1 Bf4 41.Rxh7 Ra1 42.Ke2 Ra2+ 43.Kf1 Ra1
44.Ke2 Ra2+  1/2-1/2

[Event "Frankfurt Ordix op"]
[Site "Frankfurt"]
[Date "1999.07.03"]
[Round "6"]
[White "Gofshtein, Leonid D"]
[Black "Bareev, Evgeny"]
[Result "1-0"]
[WhiteElo "2517"]
[BlackElo "2679"]

1.d4 d5 2.c4 c6 3.Nc3 Nf6 4.e3 a6 5.Qc2 b5 6.b3 Bg4 7.Nge2 Nbd7 8.h3 Bh5
9.Nf4 Bg6 10.Nxg6 hxg6 11.Bd2 e5 12.a4 b4 13.Na2 a5 14.cxd5 cxd5 15.dxe5 Nxe5
16.Bb5+ Nfd7 17.Rc1 Bd6 18.f4 Ng4 19.Qc6 Ke7 20.Qxd5 Ngf6 21.Qd4 Rc8 22.Rxc8 Qxc8
23.O-O Rh5 24.Bc4 Qb8 25.Nc1 Bc5 26.Qd3 Bb6 27.Ne2 Nc5 28.Qc2 Nce4 29.Bc1 Qa7
30.Qd3 Nc5 31.Qd1 Nce4 32.Nd4 Bxd4 33.exd4 Kf8 34.Qd3 Nc3 35.Bd2 Nce4 36.Be3 Kg8
37.d5 Qd7 38.Bd4 Nc3 39.Bxc3 bxc3 40.Qxc3 Qa7+ 41.Kh1 Nxd5 42.Qd3 Ne3 43.Re1 Ng4
44.Qe2 Nf2+ 45.Kh2 Qd4 46.Qf3 Rh4 47.Kg3 g5 48.Qxf2 gxf4+ 49.Kf3 Qc3+ 50.Ke2 Rh5
51.Kf1  1-0

[Event "BIH-chT"]
[Site "Bihac"]
[Date "1999.08.26"]
[Round "6"]
[White "Terzic, Safet"]
[Black "Bareev, Evgeny"]
[Result "0-1"]
[WhiteElo "2330"]
[BlackElo "2698"]

1.d4 Nf6 2.c4 c5 3.Nf3 cxd4 4.Nxd4 e5 5.Nc2 b5 6.cxb5 Bb7 7.e3 d5 8.Be2 Bd6
9.O-O O-O 10.Nc3 Nbd7 11.b3 Rc8 12.Bb2 Qe7 13.Rc1 Rfd8 14.f4 Nf8 15.Na4 d4
16.exd4 exf4 17.Bf3 Ne6 18.Re1 Bxf3 19.Qxf3 Qd7 20.Nc5 Nxc5 21.dxc5 Bxc5+
22.Kh1 Ng4 23.Nd4 h5 24.h3 Bxd4 25.Bxd4 Rxc1 26.Rxc1 Qxd4 27.hxg4 hxg4 28.Qxg4 Qe5
29.Rc8 Qe1+  0-1

[Event "BIH-chT"]
[Site "Bihac"]
[Date "1999.08.28"]
[Round "8"]
[White "Bistric, Faruk"]
[Black "Bareev, Evgeny"]
[Result "0-1"]
[WhiteElo "2466"]
[BlackElo "2698"]

1.c4 e5 2.Nc3 Nf6 3.e3 Nc6 4.a3 g6 5.d4 Bg7 6.Nf3 exd4 7.exd4 d5 8.Bg5 O-O
9.Nxd5 Bg4 10.Be2 Bxf3 11.Bxf3 Re8+ 12.Kf1 h6 13.Be3 Nxd5 14.Bxd5 Qf6 15.Bxc6 Qxc6
16.Rc1 Rad8 17.d5 Qf6 18.Rc3 c6 19.Rd3 Qxb2 20.dxc6 Rxd3 21.Qxd3 Qa1+ 22.Ke2 Qxh1
23.cxb7 Qxh2 24.Qd7 Qb8 25.c5 Rd8 26.Qb5 Qe5 27.a4 Qd5 28.f3 Qa2+  0-1

[Event "EUCup final 15th"]
[Site "Bugojno"]
[Date "1999.10.30"]
[Round "2"]
[White "Bareev, Evgeny"]
[Black "Huzman, Alexander"]
[Result "1-0"]
[WhiteElo "2698"]
[BlackElo "2581"]

1.d4 Nf6 2.c4 g6 3.Nc3 d5 4.Nf3 Bg7 5.Bf4 O-O 6.Rc1 dxc4 7.e3 Be6 8.Ng5 Bd5
9.e4 h6 10.exd5 hxg5 11.Bxg5 Nxd5 12.Bxc4 Nb6 13.Bb3 Nc6 14.Ne2 Qd6 15.O-O Rad8
16.Qc2 Rd7 17.Rfd1 Nxd4 18.Nxd4 Bxd4 19.Rxd4 Qxd4 20.Qxg6+ Qg7 21.Qh5 Rd6
22.Bxe7 Rg6 23.Bxf8 Rxg2+ 24.Kh1 Kxf8 25.Qc5+ Kg8 26.Bxf7+ Kxf7 27.Qf5+ Kg8
28.Qe6+ Kf8 29.Re1  1-0

[Event "Wydra mem rapidplay"]
[Site "Haifa ISR"]
[Date "2000.02.03"]
[Round "1"]
[White "Avrukh,B"]
[Black "Bareev,E"]
[Result "0-1"]
[WhiteElo "2620"]
[BlackElo "2709"]

1.d4 d5 2.c4 c6 3.Nc3 Nf6 4.e3 a6 5.Nf3 b5 6.b3 Bf5 7.Ne5 e6 8.g4 Bg6 9.h4 Ne4
10.Nxe4 Bxe4 11.f3 f6 12.Nxc6 Nxc6 13.fxe4 dxe4 14.a3 Bd6 15.Kf2 O-O 16.cxb5 axb5
17.Bxb5 Nb4 18.Bc4 Nd5 19.Qc2 f5 20.gxf5 Rxf5+ 21.Ke2 Qf6  0-1

[Event "Wydra mem rapidplay"]
[Site "Haifa ISR"]
[Date "2000.02.03"]
[Round "2"]
[White "Bareev,E"]
[Black "Greenfeld,A"]
[Result "0-1"]
[WhiteElo "2709"]
[BlackElo "2563"]

1.c4 Nf6 2.Nc3 c5 3.g3 e6 4.Nf3 Nc6 5.Bg2 d5 6.cxd5 Nxd5 7.O-O Be7 8.d4 O-O
9.e4 Nb6 10.dxc5 Bxc5 11.Qe2 e5 12.Rd1 Qf6 13.Nd5 Nxd5 14.exd5 Nd4 15.Nxd4 Bxd4
16.Be3 Bf5 17.Bxd4 exd4 18.Qf3 h5 19.Qxh5 Bc2 20.Rd2 d3 21.Bf1 Qxb2 22.Rad1 Qf6
23.Rxd3 Rad8 24.Rd4 Bxd1 25.Qxd1 Rd6 26.Rh4 Re8 27.Bg2 Qc3 28.Be4 g6 29.Kg2 Rf6
30.d6 Qc5 31.d7 Qxf2+ 32.Kh1 Rd8  0-1

[Event "Wydra mem rapidplay"]
[Site "Haifa ISR"]
[Date "2000.02.03"]
[Round "3"]
[White "Huzman,A"]
[Black "Bareev,E"]
[Result "1/2-1/2"]
[WhiteElo "2574"]
[BlackElo "2709"]

1.d4 d5 2.c4 c6 3.Nc3 Nf6 4.e3 a6 5.Nf3 b5 6.b3 Bf5 7.Ne5 e6 8.g4 Bg6 9.h4 Ne4
10.Nxe4 Bxe4 11.f3 f6 12.Nd3 Bg6 13.h5 Bf7 14.c5 Nd7 15.Bb2 Qc7 16.f4 g6
17.Qf3 gxh5 18.gxh5 f5 19.a4 Qb7 20.Kd2 Rg8 21.Kc2 Be7 22.Be2 Bd8 23.axb5 axb5
24.Rag1 Bf6 25.Ne5 Ke7 26.Qf2 Rxg1 27.Rxg1 Rg8 28.Rxg8 Bxg8 29.Bc3 Kf8 30.Nd3 Bd8
31.Qh2 Bf7 32.Be1 Qa8 33.Kb2 Be8 34.Bh4 h6 35.Bf3 Qa5 36.Be1 Qa8 37.Bh4 Qa5
38.Be1 Qa8  1/2-1/2

[Event "Wydra mem rapidplay"]
[Site "Haifa ISR"]
[Date "2000.02.03"]
[Round "4"]
[White "Bareev,E"]
[Black "Svidler,P"]
[Result "0-1"]
[WhiteElo "2709"]
[BlackElo "2672"]

1.c4 e5 2.Nc3 Nf6 3.Nf3 Nc6 4.a3 d5 5.cxd5 Nxd5 6.Qc2 Nxc3 7.bxc3 Be7 8.e3 O-O
9.d4 Bf6 10.Bb5 Bd7 11.Bxc6 Bxc6 12.dxe5 Be7 13.c4 Qd7 14.Bb2 Qg4 15.O-O-O Be4
16.Qe2 Rfd8 17.Rhg1 Bg6 18.Rd4 Qf5 19.e4 Qf4+ 20.Qe3 Qxe3+ 21.fxe3 c5 22.Rxd8+ Rxd8
23.Nd2 Bg5 24.Re1 Rd3 25.Kc2 Rxe3 26.Rxe3 Bxe3 27.Kd3 Bxd2 28.Kxd2 Bxe4 29.g3 Bf5
30.Kc3 h6 31.Bc1 Be6 32.Be3 b6 33.h4 Kh7 34.Bd2 Kg6 35.Bf4 Kf5 36.Kd3 Kg4
37.Kc3 g5 38.hxg5 hxg5  0-1

[Event "Wydra mem rapidplay"]
[Site "Haifa ISR"]
[Date "2000.02.05"]
[Round "10"]
[White "Bareev,E"]
[Black "Huzman,A"]
[Result "0-1"]
[WhiteElo "2709"]
[BlackElo "2574"]

1.c4 g6 2.Nc3 c5 3.Nf3 Bg7 4.d4 cxd4 5.Nxd4 Nc6 6.Nc2 Bxc3+ 7.bxc3 d6 8.e4 Nf6
9.f3 Qa5 10.Bd2 Be6 11.Ne3 Rc8 12.Nd5 Nd7 13.Be2 Nce5 14.Qb3 Nc5 15.Qb1 Qa4
16.O-O Nxc4 17.Bh6 f6 18.Qe1 Kf7 19.Bc1 Bxd5 20.exd5 Nb6 21.Rf2 Nxd5 22.Bf1 Nd7
23.Rb1 Qc6 24.Rb3 a6 25.c4 N5b6 26.Rc2 Nc5 27.Re3 e5 28.f4 Nbd7 29.fxe5 dxe5
30.Qh4 h5 31.Rf2 Kg7 32.Bb2 Rce8 33.g3 g5 34.Qh3 g4 35.Qh4 Ne6 36.Bg2 Qxc4
37.Rc3 Qa4 38.Rc1 Rh6 39.Kh1 Nef8 40.Rc7 Re6 41.Bc1 Rh8 42.Rd2 Re7 43.Rd6 Qb4
44.Rd1 Ng6  0-1

[Event "Wydra mem rapidplay"]
[Site "Haifa ISR"]
[Date "2000.02.05"]
[Round "11"]
[White "Svidler,P"]
[Black "Bareev,E"]
[Result "1/2-1/2"]
[WhiteElo "2672"]
[BlackElo "2709"]

1.e4 e6 2.d4 d5 3.Nc3 Nf6 4.Bg5 dxe4 5.Nxe4 Nbd7 6.Nf3 h6 7.Nxf6+ Nxf6 8.Bh4 c5
9.Bc4 a6 10.Qe2 b5 11.Bd3 g5 12.Bg3 c4 13.Be4 Nxe4 14.Qxe4 Qd5 15.Qxd5 exd5
16.h4 Rg8 17.hxg5 hxg5 18.O-O-O f6 19.Rh7 Bg7 20.Re1+ Kf7 21.Bd6 Bf5 22.Rhh1 Rae8
23.Rxe8 Rxe8 24.Kd2 Kg6 25.Nh2 Re4 26.c3 Re6 27.Bc7 Rc6 28.Ba5 g4 29.Nf1 Bh6+
30.Ne3 Be4 31.Rh2 f5 32.g3 Rc8 33.Bb4 a5 34.Bd6 Bg7 35.Ng2 Bxg2 36.Rxg2 b4
37.Rg1 Bh6+ 38.Kd1 bxc3 39.bxc3 Re8 40.a4 Re6 41.Bc5 Re8 42.Re1 Rxe1+ 43.Kxe1 Kf7
44.Bb6 Ke6 45.Bxa5 f4 46.gxf4 Bxf4 47.f3 g3 48.Kf1 Kd7 49.Kg2 Kc6 50.Bb4  1/2-1/2

[Event "GM"]
[Site "Montecatini Terme ITA"]
[Date "2000.08.01"]
[Round "5"]
[White "Bareev,E"]
[Black "Lputian,S"]
[Result "1-0"]
[WhiteElo "2702"]
[BlackElo "2598"]

1.c4 e6 2.Nc3 d5 3.d4 Nf6 4.cxd5 exd5 5.Bg5 Be7 6.e3 O-O 7.Bd3 Nbd7 8.Nge2 Re8
9.O-O Nf8 10.b4 Bxb4 11.Bxf6 gxf6 12.Nxd5 Qxd5 13.Qa4 Bh3 14.Nf4 Qa5 15.Qxa5 Bxa5
16.Nxh3 c5 17.dxc5 Ne6 18.Rac1 Rec8 19.Bf5 Rxc5 20.Bxe6 Rxc1 21.Bxf7+ Kxf7
22.Rxc1 Rd8 23.Kf1 Rd2 24.a4 Ra2 25.Rc4 Ke6 26.Rh4 h5 27.Nf4+ Kd6 28.Nxh5 Ra1+
29.Ke2 Ra2+ 30.Kf3 Be1 31.Rd4+ Ke5 32.Nf4 Rxf2+ 33.Kg4 f5+ 34.Kg5 Rf1 35.Nd3+ Ke6
36.Nc5+ Ke5 37.Rf4 Rg1 38.Rxf5+ Kd6 39.g4 Rh1 40.Nxb7+ Kc6 41.Nd8+ Kd7 42.Nf7 Rxh2
43.Ne5+ Ke7 44.Nf3 Re2 45.Nxe1 Rxe1 46.Kg6  1-0

[Event "FIDE World Cup Gp C"]
[Site "Shenyang CHN"]
[Date "2000.08.01"]
[Round "1"]
[White "Bareev,E"]
[Black "Rizouk,A"]
[Result "1-0"]
[WhiteElo "2702"]
[BlackElo "2350"]

1.d4 Nf6 2.c4 e6 3.Nc3 d5 4.cxd5 exd5 5.Bg5 Nbd7 6.e3 Be7 7.Bd3 Nf8 8.Nf3 Ne6
9.Bh4 O-O 10.O-O g6 11.b4 c6 12.Rb1 Re8 13.h3 a6 14.a4 Ng7 15.b5 axb5 16.axb5 Nf5
17.Bxf6 Bxf6 18.Na4 Ne7 19.Qb3 Qd6 20.Rfc1 Be6 21.Nc5 Reb8 22.Qb4 Kg7 23.Rb3 Bc8
24.Na4 Qd8 25.Rb2 Bd7 26.Qb3 Qc7 27.Rcb1 Qd6 28.Nc5 Bc8 29.Na4 Be6 30.Qc2 Bc8
31.Rb4 Bd7 32.Qc5 Qxc5 33.Nxc5 Be8 34.bxc6 Bxc6 35.Nxb7 Ra3 36.Nc5 Rxb4 37.Rxb4 Ra1+
38.Rb1 Ra2 39.g4 h6 40.Bb5 Ba8 41.Ba4 Bc6 42.Bxc6 Nxc6 43.Rb6 Ne7 44.Nd7 Ng8
45.Rb5 Ne7 46.Nb6  1-0

[Event "GM"]
[Site "Montecatini Terme ITA"]
[Date "2000.08.03"]
[Round "7"]
[White "Bareev,E"]
[Black "Piket,Je"]
[Result "1-0"]
[WhiteElo "2702"]
[BlackElo "2649"]

1.c4 e5 2.g3 Nc6 3.Bg2 g6 4.Nc3 Bg7 5.Rb1 f5 6.b4 Nf6 7.b5 Ne7 8.e3 a6 9.b6 c6
10.d4 d6 11.Nge2 Be6 12.Qb3 O-O 13.dxe5 dxe5 14.Na4 Nd7 15.O-O Qe8 16.Ba3 Qf7
17.Rbc1 Rad8 18.f4 Rfe8 19.Bd6 exf4 20.Nxf4 Ne5 21.Nxe6 Qxe6 22.Rfd1 Nc8
23.Nc5 Qf7 24.Nxb7 Qxb7 25.Bc7 Rd7 26.Rxd7 Nxd7 27.c5+ Kh8 28.h3 Nf6 29.Rd1 Ne7
30.Qe6 Qa8 31.Rb1 Qb7 32.Bf4 h6 33.Rd1 g5 34.Bc7 Qa8 35.Rb1 Qb7 36.Rd1 Qa8
37.Rd6 f4 38.Qf7 Nf5 39.Rxf6 fxe3 40.Re6  1-0

[Event "FIDE World Cup KO"]
[Site "Shenyang CHN"]
[Date "2000.09.10"]
[Round "2.2"]
[White "Bareev,E"]
[Black "Milos,G"]
[Result "1/2-1/2"]
[WhiteElo "2702"]
[BlackElo "2633"]

1.d4 Nf6 2.c4 e6 3.Nc3 Bb4 4.Qc2 O-O 5.a3 Bxc3+ 6.Qxc3 b6 7.Bg5 h6 8.Bh4 Ba6
9.Nf3 d6 10.Qc2 Nbd7 11.e4 e5 12.Bd3 exd4 13.Nxd4 Ne5 14.O-O Ng6 15.Bg3 Nh5
16.Rad1 Bb7 17.Rfe1 Nxg3 18.hxg3 Re8 19.Qc3 Qf6 20.Nb5 Qxc3 21.Nxc3 Nf8 22.Bc2 Ne6
23.f4 a5 24.Nd5 a4 25.e5 dxe5 26.Rxe5 Red8 27.f5 Bxd5 28.Rexd5 Rxd5 29.cxd5 Nc5
30.d6 c6 31.Rd4 Kf8 32.Bd1 Ke8 33.d7+ Nxd7 34.Bxa4 Ne5 35.Kf2 Ke7 36.Bd1 c5
37.Rd2 Nc4 38.Rc2 Nd6 39.Bf3  1/2-1/2

[Event "Bundesliga 2000-1"]
[Site "Luebeck GER"]
[Date "2001.01.07"]
[Round "5"]
[White "Bareev,E"]
[Black "Dorfman,J"]
[Result "1/2-1/2"]
[WhiteElo "2702"]
[BlackElo "2600"]

1.d4 Nf6 2.c4 e6 3.Nc3 Bb4 4.e3 c5 5.Ne2 cxd4 6.exd4 O-O 7.a3 Be7 8.Nf4 d6
9.Be2 e5 10.dxe5 dxe5 11.Nfd5 Nxd5 12.cxd5 a6 13.O-O f5 14.Be3 Bd6 15.b4 Nd7
16.Na4 Qe7 17.Rc1 b5 18.Nc5 f4 19.Nxd7 Bxd7 20.Bc5 Rac8 21.Re1 Rfe8 22.Bd3 g6
23.Qc2 Kf7 24.Be4 Rc7 25.Qd2 Rec8 26.Bxd6  1/2-1/2

[Event "TCh-RUS"]
[Site "Tomsk RUS"]
[Date "2001.05.13"]
[Round "1"]
[White "Galkin,A"]
[Black "Bareev,E"]
[Result "1/2-1/2"]
[WhiteElo "2584"]
[BlackElo "2709"]

1.e4 e6 2.d4 d5 3.Nc3 Nf6 4.Bg5 dxe4 5.Nxe4 Nbd7 6.Nf3 h6 7.Nxf6+ Nxf6 8.Bh4 c5
9.Be2 cxd4 10.Qxd4 Qxd4 11.Nxd4 Bd7 12.Nb5 Rc8 13.O-O-O a6 14.Nd6+ Bxd6 15.Rxd6 g5
16.Bg3 Ne4 17.Rd4 Nxg3 18.hxg3 Ke7 19.Bf3 Rc7 20.a4 e5 21.Rb4 a5 22.Rxb7 Rxb7
23.Bxb7 Bxa4 24.g4  1/2-1/2

[Event "TCh-RUS"]
[Site "Tomsk RUS"]
[Date "2001.05.21"]
[Round "8"]
[White "Svidler,P"]
[Black "Bareev,E"]
[Result "1/2-1/2"]
[WhiteElo "2695"]
[BlackElo "2709"]

1.e4 e6 2.d4 d5 3.Nc3 Nf6 4.Bg5 dxe4 5.Nxe4 Nbd7 6.Nxf6+ Nxf6 7.Nf3 c5 8.Bb5+ Bd7
9.Bxd7+ Qxd7 10.Qe2 Be7 11.dxc5 O-O 12.Ne5 Qd5 13.O-O Bxc5 14.Rfe1 Nd7 15.Nf3 Qc6
16.Rad1 Rac8 17.Qd3 Qb6 18.Rd2 Nf6 19.Bxf6 gxf6 20.c3  1/2-1/2

[Event "ECC"]
[Site "Panormo GRE"]
[Date "2001.09.23"]
[Round "1"]
[White "Mitkov,M"]
[Black "Bareev,E"]
[Result "1/2-1/2"]
[WhiteElo "2413"]
[BlackElo "2719"]

1.d4 d5 2.c4 c6 3.Nf3 Nf6 4.e3 a6 5.Bd3 dxc4 6.Bxc4 b5 7.Bd3 e6 8.a4 b4 9.Qc2 c5
10.Nbd2 Nbd7 11.Nb3 cxd4 12.exd4 Bb7 13.Bf4 Be7 14.O-O Bd5 15.Rfc1 O-O 16.Bc7 Qc8
17.Na5 Nc5 18.Be5 Nxd3 19.Qxd3 Qe8 20.Ng5 h6 21.Bxf6 hxg5 22.Bxe7 Qxe7 23.Rc5 Rfd8
24.Rac1 Qf6 25.Qe3 Ra7 26.Nc4 Bxc4 27.R1xc4 Rad7 28.Re5 Qg6 29.Re4 a5 30.h3 Rd5
31.b3 Qf5 32.f3 Qf6 33.Kf2 R8d7 34.Rc8+ Kh7 35.Rc4 Qd8 36.Rg4 R7d6 37.Re4 g6
38.Ke2 Kg7 39.Kd3 Qd7 40.Re5 f6 41.Rxd5 exd5 42.Rc5 Qf5+ 43.Kd2 Re6 44.Qd3 Qf4+
45.Kc2 Re3 46.Qd2 Kh6 47.Kd1 Rxb3 48.Qxf4 gxf4 49.Rxd5 Rb1+  1/2-1/2

[Event "ECC"]
[Site "Panormo GRE"]
[Date "2001.09.24"]
[Round "2"]
[White "Bareev,E"]
[Black "Huzman,A"]
[Result "1/2-1/2"]
[WhiteElo "2719"]
[BlackElo "2571"]

1.d4 Nf6 2.c4 e6 3.Nc3 Bb4 4.Qc2 d5 5.cxd5 Qxd5 6.e3 c5 7.Bd2 Bxc3 8.bxc3 O-O
9.Nf3 b6 10.c4 Qh5 11.Be2 Bb7 12.O-O Nbd7 13.Rfd1 Rfe8 14.Bc3 Qg6 15.Qxg6 hxg6
16.a4 Rac8 17.a5 Bxf3 18.gxf3 cxd4 19.Bxd4 Nc5 20.Rab1 bxa5 21.Rb5 Nfd7 22.Rxa5 Rc7
23.f4 a6 24.Rb1 f6 25.Bf3 Kf7 26.Kg2 Rec8 27.Kg3 Ke7 28.h3 Kf7 29.Kg2 Ke7
30.Ra3 Rb8 31.Rxb8 Nxb8 32.Bd1 Nbd7 33.Bc2 Rb7 34.Bxg6 Rb4 35.Bh5 Rxc4 36.Be2 Rc2
37.Bxa6 e5 38.fxe5 fxe5 39.Bxc5+ Nxc5 40.Bb5 Rb2 41.Bc6 Kd6 42.Ba8 Rb4 43.Bf3 e4
44.Bg4 Ra4 45.Rc3 Ra2 46.Bf5 Nd3 47.Bxe4 Nxf2 48.Rc2 Ra4 49.Bc6 Nd1 50.Rd2+ Kxc6
51.Rxd1 Re4 52.Kf3 Rh4 53.Kg3 Re4 54.Rd3 g5  1/2-1/2

[Event "ECC"]
[Site "Panormo GRE"]
[Date "2001.09.27"]
[Round "5"]
[White "Chernin,A"]
[Black "Bareev,E"]
[Result "1/2-1/2"]
[WhiteElo "2601"]
[BlackElo "2719"]

1.c4 e5 2.Nc3 Nf6 3.Nf3 Nc6 4.e3 Bb4 5.Qc2 Bxc3 6.Qxc3 Qe7 7.a3 d5 8.d4 exd4
9.Nxd4 Nxd4 10.Qxd4 O-O 11.Bd2 Rd8 12.Bb4 Qe8 13.c5 Bd7 14.Bd3 Bb5 15.Bc2 b6
16.a4 Ba6 17.f3 bxc5 18.Bxc5 Nd7 19.Kf2 Nxc5 20.Qxc5 Rd6 21.Rac1 d4 22.exd4 Qe2+
23.Kg3 Bd3 24.Bxd3 Qxd3 25.h3 Qd2  1/2-1/2

[Event "Corus"]
[Site "Wijk aan Zee NED"]
[Date "2002.01.26"]
[Round "12"]
[White "Bareev,E"]
[Black "Lautier,J"]
[Result "1-0"]
[WhiteElo "2707"]
[BlackElo "2687"]

1.d4 Nf6 2.Nf3 e6 3.e3 b6 4.Bd3 Bb7 5.Nbd2 c5 6.b3 Nc6 7.a3 Be7 8.Bb2 O-O
9.O-O Qc7 10.Rc1 Rac8 11.c4 Rfe8 12.Re1 d6 13.Bb1 Qb8 14.Nf1 cxd4 15.exd4 d5
16.Ne3 Bf8 17.b4 a6 18.c5 g6 19.Qe2 bxc5 20.dxc5 Bg7 21.Bd3 Qa7 22.Ne5 Nxe5
23.Bxe5 Nd7 24.Bxg7 Kxg7 25.Ng4 e5 26.Qd2 Qb8 27.Qh6+ Kg8 28.Bxa6 Bxa6 29.c6 Nf8
30.Nf6+ Kh8 31.c7 Qb5 32.Rc5 Qa4 33.Ra5 Qc6 34.Nh5 Ne6 35.Nf6 Nf8 36.Nh5 Ne6
37.Rc1 Bc4 38.Nf6 Nf8 39.Nh5 Ne6 40.Rc5 Qa8 41.Nf6 Nf8 42.Ra5 Qc6 43.Nh5 Ne6
44.Nf6 Nf8 45.Nxd5 Nd7 46.Qh4 e4 47.Ne3 Ne5 48.Nxc4 Nd3 49.Rc2 Qxc7 50.Qf6+ Kg8
51.Ne3 Qxc2 52.Nxc2 Rxc2 53.h3 Rxf2 54.Qxf2 Nxf2 55.Kxf2 Rc8 56.b5 Rc3 57.a4 Rb3
58.Ra6 f5 59.Ra7 f4 60.Re7 e3+ 61.Kf3 Kf8 62.Re5 Kf7 63.Kxf4 Rb4+ 64.Kxe3 Rxa4
65.Re4 Ra3+ 66.Kd4 Ra2 67.g4 Rh2 68.Re3 Rb2 69.Kc5 Kf6 70.b6 Kg5 71.Rc3  1-0

[Event "NAO Masters"]
[Site "Cannes FRA"]
[Date "2002.02.22"]
[Round "1"]
[White "Bareev,E"]
[Black "Leko,P"]
[Result "1-0"]
[WhiteElo "2707"]
[BlackElo "2713"]

1.c4 c5 2.g3 g6 3.Bg2 Bg7 4.e3 Nc6 5.Ne2 e6 6.d4 cxd4 7.exd4 Nge7 8.d5 Ne5
9.dxe6 dxe6 10.Qxd8+ Kxd8 11.O-O Bd7 12.Rd1 Kc7 13.Nbc3 a6 14.Bf4 Bc6 15.Nd4 Rad8
16.Nxc6 Nxc6 17.Re1 Kb6 18.Na4+ Ka7 19.Bg5 Rd6 20.Red1 Nd4 21.Be7 Nxc4 22.Bxd6 Nxd6
23.Kf1 e5 24.Rac1 Rd8 25.Rc5 Kb8 26.Rd5 Kc7 27.Nc5 Re8 28.Rc1 Bh6 29.Nxa6+  1-0

[Event "Amber Rapidplay"]
[Site "Monaco MNC"]
[Date "2002.03.22"]
[Round "6"]
[White "Bareev,E"]
[Black "Leko,P"]
[Result "0-1"]
[WhiteElo "2707"]
[BlackElo "2713"]

1.c4 g6 2.g3 Bg7 3.Bg2 c5 4.e3 e6 5.d4 Ne7 6.d5 exd5 7.cxd5 d6 8.Nc3 O-O
9.Nf3 a6 10.a4 Nd7 11.O-O Nf5 12.Qc2 Re8 13.Rd1 Ne5 14.Nxe5 Bxe5 15.Bd2 b6
16.Rab1 Bd7 17.b4 c4 18.b5 axb5 19.Nxb5 Bxb5 20.Rxb5 c3 21.Be1 Ra5 22.Rb4 Qa8
23.e4 Ne7 24.f4 Bg7 25.Bf2 b5 26.Rxb5 Rxa4 27.e5 Rc8 28.exd6 Ra2 29.Qc1 Nf5
30.d7 Rd8 31.d6 Qa6 32.Bf1 Qc6 33.Re1 Qxd7 34.Rd5 Rxf2 35.Kxf2 Qa7+ 36.Kf3 Qa8
37.Bc4 Nxd6 38.Bb3 Nf5 39.Rd1 Nd4+ 40.Rxd4 Bxd4 41.Ke4 Bf6 42.Qd1 Rb8 43.Kf3 Rxb3
44.Qxb3 c2  0-1

[Event "9th RUS-chT"]
[Site "Ekaterinburg RUS"]
[Date "2002.05.17"]
[Round "1"]
[White "Moiseenko,A"]
[Black "Bareev,E"]
[Result "1/2-1/2"]
[WhiteElo "2575"]
[BlackElo "2724"]

1.d4 d5 2.c4 c6 3.Nc3 Nf6 4.e3 a6 5.Nf3 b5 6.cxd5 cxd5 7.Ne5 e6 8.Bd3 Bd6
9.O-O Bb7 10.f4 O-O 11.Bd2 Ne4 12.Qc2 Nxd2 13.Qxd2 f6 14.Qc2 f5 15.a4 b4
16.Ne2 Nd7 17.a5 Rc8 18.Qa4  1/2-1/2

[Event "AIG Life rapid Final"]
[Site "Warsaw POL"]
[Date "2002.12.22"]
[Round "1"]
[White "Bareev,E"]
[Black "Volokitin,And"]
[Result "1-0"]
[WhiteElo "2737"]
[BlackElo "2558"]

1.d4 Nf6 2.c4 e6 3.Nc3 Bb4 4.Qc2 O-O 5.a3 Bxc3+ 6.Qxc3 b6 7.Bg5 Bb7 8.e3 d6
9.f3 Nbd7 10.Ne2 h6 11.Bh4 c5 12.Qb3 cxd4 13.Nxd4 d5 14.cxd5 Bxd5 15.Qd1 Qc7
16.Be2 e5 17.Rc1 Qd6 18.Nb5 Qe7 19.Nc7 g5 20.Bg3 Bb7 21.Nxa8 Bxa8 22.O-O Nd5
23.Qd2 Nc5 24.Bc4 Rd8 25.Rfd1 e4 26.b4 Ne6 27.fxe4 Nf6 28.Bd6 Qb7 29.Bxe6 fxe6
30.Qd4 Nxe4 31.Rc7 Qxc7 32.Bxc7 Rxd4 33.Rxd4 Bd5 34.b5 Nc3 35.Rb4 Ne2+ 36.Kf2 Nc1
37.Ra4 Nd3+ 38.Kg1 Nb2 39.Rxa7 Bc4 40.a4  1-0

[Event "AIG Life rapid s/f"]
[Site "Warsaw POL"]
[Date "2002.12.22"]
[Round "2"]
[White "Bareev,E"]
[Black "Tiviakov,S"]
[Result "1/2-1/2"]
[WhiteElo "2737"]
[BlackElo "2631"]

1.Nf3 Nf6 2.c4 b6 3.g3 Bb7 4.Bg2 e6 5.Nc3 Be7 6.O-O O-O 7.b3 d5 8.cxd5 Nxd5
9.Bb2 c5 10.d4 cxd4 11.Nxd5 Bxd5 12.Nxd4 Bxg2  1/2-1/2

[Event "AIG Life rapid s/f"]
[Site "Warsaw POL"]
[Date "2002.12.22"]
[Round "3"]
[White "Bareev,E"]
[Black "Tiviakov,S"]
[Result "1-0"]
[WhiteElo "2737"]
[BlackElo "2631"]

1.d4 Nf6 2.c4 e6 3.Nc3 Bb4 4.Qc2 O-O 5.a3 Bxc3+ 6.Qxc3 b6 7.Bg5 Ba6 8.Nf3 d6
9.e3 Nbd7 10.b4 c5 11.Nd2 Rc8 12.dxc5 bxc5 13.b5 Bb7 14.Bd3 Re8 15.O-O h6
16.Bxf6 Qxf6 17.Qxf6 Nxf6 18.Nb3 Nd7 19.Rfc1 d5 20.Be2 dxc4 21.Na5 Bd5 22.f3 Nb6
23.e4 Ba8 24.Nxc4 Red8 25.a4 Kf8 26.Kf2 Ke7 27.a5 Nxc4 28.Rxc4 Rd4 29.Rac1 Rxc4
30.Bxc4 Bb7 31.Ke3 Rc7 32.Ra1 Rd7 33.Bd3 f6 34.f4 Ba8 35.Rc1 Rc7 36.g3 Kd6
37.Bc4 Ke7 38.Rd1 Bb7 39.e5 fxe5 40.fxe5 Bc8 41.Rd6 Bd7 42.b6 axb6 43.axb6 Rb7
44.Ba6 Rb8 45.Kd3 Ra8 46.b7 Rb8 47.Kc4 Kd8 48.Kxc5 Kc7 49.Rxd7+ Kxd7 50.Kb6 g6
51.Bb5+ Kd8 52.g4  1-0

[Event "AIG Life rapid QF1"]
[Site "Warsaw POL"]
[Date "2002.12.22"]
[Round "4"]
[White "Bareev,E"]
[Black "Fedorchuk,S"]
[Result "1-0"]
[WhiteElo "2737"]
[BlackElo "2564"]

1.d4 Nf6 2.c4 e6 3.Nc3 Bb4 4.Qc2 O-O 5.a3 Bxc3+ 6.Qxc3 b6 7.Bg5 Ba6 8.e3 d6
9.Nf3 Nbd7 10.b4 c5 11.Nd2 Rc8 12.dxc5 bxc5 13.b5 Bb7 14.Bd3 h6 15.Bxf6 Qxf6
16.Qxf6 Nxf6 17.f3 d5 18.Ke2 Rc7 19.Rhc1 Nd7 20.a4 Ne5 21.Ra3 Rd8 22.cxd5 exd5
23.Bf5 g6 24.Bh3 f5 25.f4 Nd7 26.g3 Re8 27.Bg2 Nf6 28.Nb3 d4 29.Bxb7 Rxe3+
30.Kd1 Rxb7 31.Nxc5 Rxa3 32.Nxb7 Ne4 33.Nc5 Nf2+ 34.Ke2 Ra2+ 35.Kf1 d3 36.Nb3 d2
37.Nxd2 Rxd2 38.Rc8+ Kf7 39.Rc7+ Ke6 40.Rxa7 Ne4 41.b6 Rxh2 42.b7 Rb2 43.a5 Nc5
44.a6 Kd5 45.Ra8 Nxb7 46.Rb8 Ke4 47.a7 Kf3 48.Ke1  1-0

[Event "AIG Life rapid"]
[Site "Warsaw POL"]
[Date "2002.12.22"]
[Round "7"]
[White "Jaracz,P"]
[Black "Bareev,E"]
[Result "0-1"]
[WhiteElo "2545"]
[BlackElo "2737"]

1.e4 c6 2.c4 d5 3.exd5 cxd5 4.cxd5 Nf6 5.Nc3 Nxd5 6.Nf3 Nxc3 7.bxc3 g6 8.Bb5+ Nd7
9.O-O Bg7 10.Re1 O-O 11.a4 a6 12.Bc4 Qc7 13.Qe2 e6 14.a5 b5 15.axb6 Nxb6
16.Bd3 Nd5 17.Be4 Bb7 18.Ba3 Rfd8 19.Rab1 Bc6 20.Rec1 Rac8 21.g3 Bb5 22.Qe1 Nf6
23.Bc2 Bc6 24.Ne5 Ba8 25.Rd1 Nd5 26.f4 f6 27.Nd3 Qc6 28.Qe4 f5 29.Qf3 Qc7
30.Qe2 Qc6 31.Qf3 Qd7 32.Qe2 Bxc3 33.dxc3 Nxc3 34.Qf1 Nxd1 35.Qxd1 Qc6 36.Qe2 Qh1+
37.Kf2 Qxh2+  0-1

[Event "Amber Rapid"]
[Site "Monte Carlo MNC"]
[Date "2003.03.17"]
[Round "3"]
[White "Bareev,E"]
[Black "Topalov,V"]
[Result "1-0"]
[WhiteElo "2729"]
[BlackElo "2743"]

1.d4 d5 2.c4 c6 3.Nf3 Nf6 4.e3 a6 5.Qc2 Bg4 6.Nbd2 e6 7.Bd3 Nbd7 8.b3 c5
9.h3 Bh5 10.g4 Bg6 11.Bxg6 hxg6 12.g5 Nh5 13.dxc5 Bxc5 14.cxd5 exd5 15.Qd3 d4
16.Qe4+ Kf8 17.exd4 Qc7 18.Qc2 Re8+ 19.Kd1 Bd6 20.Qxc7 Bxc7 21.Ba3+ Kg8 22.Rc1 Bb8
23.Re1 Rxe1+ 24.Nxe1 Nf4 25.Rc8+ Kh7 26.Rxh8+ Kxh8 27.h4 Ba7 28.Ndf3 f6 29.Kd2 Kg8
30.Bd6 Nd5 31.Nd3 Kf7 32.Nc5 Bxc5 33.dxc5 Nb4 34.a3 Nc6 35.Kd3 Ke6 36.Nd4+ Kd5
37.Nxc6 Kxc6 38.Kc4 a5 39.f4 fxg5 40.hxg5  1-0

[Event "Amber Rapid"]
[Site "Monte Carlo MNC"]
[Date "2003.03.18"]
[Round "4"]
[White "Shirov,A"]
[Black "Bareev,E"]
[Result "1/2-1/2"]
[WhiteElo "2723"]
[BlackElo "2729"]

1.e4 e6 2.d4 d5 3.Nc3 Nf6 4.e5 Nfd7 5.f4 c5 6.Nf3 Nc6 7.Be3 cxd4 8.Nxd4 Bc5
9.Qd2 Bxd4 10.Bxd4 Nxd4 11.Qxd4 Qb6 12.Qd2 Qxb2 13.Rb1 Qa3 14.Nb5 Qxa2 15.Nd6+ Ke7
16.Qb4 a5 17.Nxc8+ Kd8 18.Qe7+ Kxc8 19.Rxb7 Kxb7 20.Qxd7+ Kb8  1/2-1/2